Crise monetaire et contradictions actuelles de limperialisme
Na minha lista:
| Autor principal: | |
|---|---|
| Formato: | Livro |
| Idioma: | Undetermined |
| Publicado em: |
Paris
Economie et Politique
1972
|
| Assuntos: | |
| Tags: |
Adicionar Tag
Sem tags, seja o primeiro a adicionar uma tag!
|
| Thư viện lưu trữ: | Trung tâm Học liệu Trường Đại học Cần Thơ |
|---|
| LEADER | 00497nam a2200169Ia 4500 | ||
|---|---|---|---|
| 001 | CTU_79486 | ||
| 008 | 210402s9999 xx 000 0 und d | ||
| 082 | |a 330.9 | ||
| 082 | |b D342 | ||
| 100 | |a Delaunay, Jean-Claude | ||
| 245 | 0 | |a Crise monetaire et contradictions actuelles de limperialisme | |
| 245 | 0 | |c Jean-Claude Delaunay | |
| 260 | |a Paris | ||
| 260 | |b Economie et Politique | ||
| 260 | |c 1972 | ||
| 650 | |a Economic development | ||
| 980 | |a Trung tâm Học liệu Trường Đại học Cần Thơ | ||